| 000 | 01285nac a22003131u 4500 | ||
|---|---|---|---|
| 010 | _a 2007279193 | ||
| 020 | _a9780470105559 (pbk.) | ||
| 020 | _a0470105550 (pbk.) | ||
| 035 | _a(OCoLC)ocm77256819 | ||
| 082 | 0 | 4 |
_a005.71262 _bHOR |
| 090 |
_c8970 _d8970 |
||
| 100 | _aHorstmann, Cay S., | ||
| 245 | 1 | 0 |
_aJava concepts / _cCay S. Horstmann. |
| 250 | _a5th ed. | ||
| 260 |
_aHoboken, N.J. : _bWiley ; _aChichester ,c2008. _cc2008. |
||
| 300 |
_axxxiii, 702 p. : _bill. ; _c24 cm. |
||
| 500 | _aIncludes index. | ||
| 500 | _aPrevious ed.: 2005. | ||
| 500 | _aDistributer: Baccah. | ||
| 511 | _aCatalogued By: Mahitab. | ||
| 650 | 0 | _aElectronic data processing. | |
| 650 | 0 | _aJava (Computer program language) | |
| 650 | 0 | _aJava (Langage de programmation) | |
| 856 | 4 | 2 |
_3Contributor biographical information _uhttp://www.loc.gov/catdir/enhancements/fy0814/2007279193-b.html |
| 856 | 4 | 2 |
_3Publisher description _uhttp://www.loc.gov/catdir/enhancements/fy0814/2007279193-d.html |
| 856 | 4 | 2 |
_3Table of contents only _uhttp://www.loc.gov/catdir/enhancements/fy0814/2007279193-t.html |
| 942 |
_cTB _k005.71262HOR |
||
| 999 |
_c8970 _d8970 |
||